Niekoľko poznámok k bankovej regulácii

Vybrané aspekty ekonomickej nerovnováhy v bankovom sektore v kontexte bankovej regulácie. Kapitálová primeranosť komerčnej banky, základné vzťahy a problémy. Predpoklady efektívnej regulácie bankového systému a perspektívne trendy rozvoja bankovej regulácie podľa Basel III.

Guardado en:
Detalles Bibliográficos
Autor principal: Belás, Jaroslav
Otros Autores: Lambovska, Maya
Formato: Capítulo de libro
Lenguaje:eslovaco
Materias:
Etiquetas: Agregar Etiqueta
Sin Etiquetas, Sea el primero en etiquetar este registro!

MARC

LEADER 00000naa a2200000 4500
001 0127637
005 20231116090941.0
041 0 |a slo 
044 |a SK 
245 1 0 |a Niekoľko poznámok k bankovej regulácii  |c Jaroslav Belás, Maya Lambovska 
520 |a Vybrané aspekty ekonomickej nerovnováhy v bankovom sektore v kontexte bankovej regulácie. Kapitálová primeranosť komerčnej banky, základné vzťahy a problémy. Predpoklady efektívnej regulácie bankového systému a perspektívne trendy rozvoja bankovej regulácie podľa Basel III. 
610 2 0 |a dohľad bankový 
610 2 0 |a regulácia 
610 2 0 |a nerovnováha hospodárska 
610 2 0 |a primeranosť kapitálová 
610 2 0 |a banky obchodné 
100 1 |a Belás, Jaroslav 
700 1 |a Lambovska, Maya